| 000 | 00698nam a2200229Ia 4500 | ||
|---|---|---|---|
| 003 | GCL | ||
| 008 | 140319s9999 xx 000 0 ara d | ||
| 040 |
_aGCL / _cGCL |
||
| 082 | 0 | 4 |
_a301.328 _bم هـ |
| 245 | 1 | 0 | _aالهجرة اللبنانيةالسوريةالى غرب افريقيا منظور جغرافى |
| 260 |
_a[S.N] : _bمعهد البحوث والدراسات العربية ، _c1987 |
||
| 300 | _a148 ص | ||
| 490 | _a | ||
| 650 | 0 | 4 | _aالهجرة |
| 650 | 0 | 4 | _aسوريا |
| 650 | 0 | 4 | _aلبنان |
| 650 | 0 | 4 | _aافريقيا |
| 650 | 0 | 4 | _aالجغرافيا البشرية |
| 650 | 0 | 4 | _aالمهاجرون |
| 650 | 0 | 4 | _aالهجرة الوافدة |
| 942 |
_2ddc _cBK |
||
| 999 |
_c29685 _d29685 |
||